[Event "Cutro op-B 12th"]
[Site "Cutro"]
[Date "2006.05.01"]
[Round "9"]
[White "Scerra, Ezio"]
[Black "Spagnolo, Vincenzo"]
[Result "1-0"]
[WhiteElo "1440"]
[BlackElo "1401"]
[PlyCount "55"]
[EventDate "2006.04.23"]
[EventType "swiss"]
[EventRounds "9"]
[EventCountry "ITA"]
[SourceTitle "EXT 2007"]
[Source "ChessBase"]
[SourceDate "2006.11.23"]
[SourceVersion "1"]
[SourceVersionDate "2006.11.23"]
[SourceQuality "1"]

1. e4 e5 2. Nf3 Nc6 3. Bc4 h6 4. c3 Bd6 5. 0-0 Na5 6. b3 Nxc4 7. bxc4 f6 8. Ba3 Bxa3 9. Nxa3 c6 10. h3 Qe7 11. Nc2 b6 12. Re1 Ba6 13. Ne3 Qf7 14. Qa4 Bb7 15. Nf5 0-0-0 16. Nd6+ Kc7 17. Nxf7 Rh7 18. Nxd8 Kxd8 19. Qxa7 Kc7 20. c5 b5 21. a4 bxa4 22. Rxa4 g5 23. Rb1 Kd8 24. Qxb7 Ke8 25. Ra8+ Kf7 26. Qxd7+ Kg6 27. Rxg8+ Kh5 28. g4# 1-0

[Event "Cutro op-B 12th"]
[Site "Cutro"]
[Date "2006.04.30"]
[Round "8"]
[White "Spagnolo, Vincenzo"]
[Black "Soluri, Francesco"]
[Result "0-1"]
[WhiteElo "1401"]
[BlackElo "1473"]
[PlyCount "110"]
[EventDate "2006.04.23"]
[EventType "swiss"]
[EventRounds "9"]
[EventCountry "ITA"]
[SourceTitle "EXT 2007"]
[Source "ChessBase"]
[SourceDate "2006.11.23"]
[SourceVersion "1"]
[SourceVersionDate "2006.11.23"]
[SourceQuality "1"]

1. e4 c6 2. Bc4 e6 3. Nf3 d5 4. Bd3 dxe4 5. Bxe4 Nf6 6. Nc3 Bb4 7. Bd3 0-0 8. 0-0 Nbd7 9. a3 Bd6 10. Re1 Re8 11. Ne4 Nxe4 12. Bxe4 Nf6 13. d3 Qc7 14. g3 e5 15. b4 Nxe4 16. dxe4 Bg4 17. Qd3 Rad8 18. Qe3 b6 19. Rb1 b5 20. Rb3 Be6 21. Rd3 Bc4 22. Rd2 f6 23. Red1 Rd7 24. Bb2 Red8 25. Bc3 a6 26. Ne1 c5 27. Nd3 Bxd3 28. Rxd3 cxb4 29. axb4 Be7 30. Rxd7 Rxd7 31. Rxd7 Qxd7 32. Qd2 Qxd2 33. Bxd2 Kf7 34. f4 exf4 35. gxf4 Ke6 36. c3 g6 37. Kf2 h5 38. h4 f5 39. exf5+ Kxf5 40. Kg3 Ke4 41. Be1 Bf6 42. Bf2 Kd3 43. Bd4 Bxd4 44. cxd4 Kxd4 45. Kf2 Kc4 46. Ke1 Kxb4 47. Kd2 Kb3 48. Kc1 b4 49. Kb1 a5 50. Ka1 a4 51. Kb1 a3 52. Ka1 Kc2 53. Ka2 b3+ 54. Kxa3 b2 55. Ka2 b1Q+ 0-1

[Event "Cutro op-B 12th"]
[Site "Cutro"]
[Date "2006.04.29"]
[Round "7"]
[White "Policastrese, Salvatore"]
[Black "Spagnolo, Vincenzo"]
[Result "1/2-1/2"]
[WhiteElo "1440"]
[BlackElo "1401"]
[PlyCount "40"]
[EventDate "2006.04.23"]
[EventType "swiss"]
[EventRounds "9"]
[EventCountry "ITA"]
[SourceTitle "EXT 2007"]
[Source "ChessBase"]
[SourceDate "2006.11.23"]
[SourceVersion "1"]
[SourceVersionDate "2006.11.23"]
[SourceQuality "1"]

1. e4 e5 2. Nf3 Nc6 3. Bb5 Nf6 4. Nc3 Bc5 5. Bxc6 Ng4 6. 0-0 bxc6 7. h3 Nxf2 8. Rxf2 Bxf2+ 9. Kxf2 d6 10. d3 h6 11. Ne2 0-0 12. Be3 Re8 13. Kg1 c5 14. Qe1 Rb8 15. b3 Be6 16. Qg3 Qf6 17. c3 Bd7 18. Re1 Re6 19. Nc1 Bc6 20. Qg4 Qe7 1/2-1/2